000 01049nam a22002774aa4500
003 BOFEUTO
005 20260512143440.0
008 t2025 bo gr 000 f spa d
040 _6BOFEUTO
_aBOFEUTO
_cBOFEUTO
041 _aspa
044 _abo
082 _aTE6294
_bL864
100 _aLópez Aquino, Noemi Senobia
_eautor
245 _aAplicación de estrategias de marketing de contenidos en la Empresa Alimentos Naturales Andinos del sur de la ciudad de Oruro
_cNoemi Senobia López Aquino
260 _aOruro :
_bs/n ;
_c2025 .
300 _a151 hojas :
_bgráf, tab. ;
_c28.5 cm .
500 _aIncluye bibliografía, anexos.
502 _aTrabajo Dirigido, (Licenciatura) -- Universidad Técnica de Oruro, Facultad de Ciencias Económicas, Financieras y Administrativas, Carrera Administración de Empresas, 2025.
650 _aEstratégias de Marketing
653 _aEmpresa
653 _aComercio
653 _aCrecimiento
653 _aProductos
700 _aDel Castillo Rodríguez, Rosario
_etutor
942 _2ddc
_cTE
_n0
999 _c16146
_d16146